Normal view
MARC view
Entry Personal Name
001 - CONTROL NUMBER
- control field: 88381
003 - CONTROL NUMBER IDENTIFIER
- control field: dpl
005 - DATE AND TIME OF LATEST TRANSACTION
- control field: 20260312142856.0
008 - FIXED-LENGTH DATA ELEMENTS
- fixed length control field: 260312|| aca||aabn | a|a d
040 ## - CATALOGING SOURCE
- Original cataloging agency: dpl
- Transcribing agency: dpl
100 ## - HEADING--PERSONAL NAME
- Personal name: विवेकनंद
670 ## - SOURCE DATA FOUND
- Source citation: Work cat.: (dpl)215529: विवेकनंद , ज्ञानयोग/, 2025
